Texas statutes and rules for savings and loan associations.

Bibliographic Details
Corporate Authors: Texas, Texas. Savings and Loan Department
Format: Book
Language:English
Published: Austin, Tex. : Texas Savings and Loan Dept., 1985.
Subjects:

MARC

Tag First Indicator Second Indicator Subfields
LEADER 00000cam a2200000 a 4500
001 in00000017450
005 20151007053549.0
008 880630s1985 txu 00010 eng d
035 |a (OCoLC)18156411 
035 |9 AAB2085AM 
040 |a TXA  |c TXA  |d UtOrBLW 
043 |a n-us-tx 
049 |a TXAM  |c [A09373295] 
050 4 |a KFT1366.S2  |b A25 1985 
110 1 |a Texas. 
245 1 0 |a Texas statutes and rules for savings and loan associations. 
264 1 |a Austin, Tex. :  |b Texas Savings and Loan Dept.,  |c 1985. 
300 |a 1 volume ;  |c 24 cm. 
336 |a text  |b txt  |2 rdacontent 
337 |a unmediated  |b n  |2 rdamedia 
338 |a volume  |b nc  |2 rdacarrier 
500 |a Cover title: Texas laws and regulations for savings and loan associations. 
650 0 |a Savings and loan associations  |x Law and legislation  |z Texas. 
710 1 |a Texas.  |b Savings and Loan Department. 
740 0 |a Texas laws and regulations for savings and loan associations. 
999 |a MARS 
999 f f |s 6cc40d21-e2b5-3b1d-9caf-596c93fe5067  |i a0c49a19-b958-3a2a-b7d4-843c5a7ca296  |t 0 
952 f f |p ric  |a Texas A&M University  |b Rellis Campus  |c Joint Library Facility  |d Remote Storage  |t 0  |e KFT1366.S2 A25 1985  |h Library of Congress classification  |i unmediated -- volume  |m A14809373295 
998 f f |a KFT1366.S2 A25 1985  |t 0  |l Remote Storage